| 000 | 00939cam a22002771 4500 | ||
|---|---|---|---|
| 999 |
_c20701 _d20701 |
||
| 001 | 279610 | ||
| 003 | BDDh-ASL | ||
| 005 | 20231015025926.0 | ||
| 008 | 711020t19621958nyubc 000 0 eng | ||
| 010 | _a 65002538 | ||
| 040 |
_aDLC _cDLC _dDLC _dBDDh-ASL |
||
| 043 | _aa-ii--- | ||
| 050 | 0 | 0 |
_aDS407 _b.W3 1962 |
| 082 | 0 | 0 |
_a954 _bWAS |
| 100 | 1 |
_aWallbank, T. Walter _q(Thomas Walter), _d1901- |
|
| 240 | 1 | 0 | _aIndia in the new era |
| 245 | 1 | 2 |
_aA short history of India and Pakistan / _c[by] T. Walter Wallbank. |
| 250 | _aAn abridged ed. of India in the new era, completely rev. and up-to-date. | ||
| 260 |
_a[New York] : _bNew American Library, _c[1962, c1958]. |
||
| 300 |
_a320 p. : _bmaps, ports. _c18 cm. |
||
| 490 | 0 | _aA Mentor book. MT462 | |
| 500 | _aFirst published in 1951 under title: India in the new era. | ||
| 651 | 0 |
_aIndia _xHistory. |
|
| 906 |
_a7 _bcbc _corignew _du _eocip _f19 _gy-gencatlg |
||
| 942 |
_2ddc _cBK |
||